| 000 -CABECERA |
| Longitud fija campo de control |
00758cam a2200241 a 4500 |
| 003 - IDENTIFICADOR DEL NÚMERO DE CONTROL |
| Identificador del número de control |
OSt |
| 005 - FECHA Y HORA DE LA ÚLTIMA TRANSACCIÓN |
| Fecha y hora de la última transacción |
20260515062531.0 |
| 008 - CÓDIGOS DE INFORMACIÓN DE LONGITUD FIJA |
| Códigos de información de longitud fija |
140620s2014 sp a||||||||| |01 0 spa|d |
| 020 ## - NÚMERO INTERNACIONAL NORMALIZADO PARA LIBROS |
| Número Internacional Normalizado para Libros (ISBN) |
9788441535763 |
| 040 ## - FUENTE DE LA CATALOGACIÓN |
| Lengua de catalogación |
cat |
| Centro transcriptor |
CDMR |
| 100 1# - PUNTO DE ACCESO PRINCIPAL-NOMBRE DE PERSONA |
| Nombre de persona |
Schmarzo, Bill |
| 9 (RLIN) |
4576 |
| 245 10 - MENCIÓN DE TÍTULO |
| Título |
Big data |
| Resto del título |
: el poder de los datos |
| Mención de responsabilidad, etc. |
Bill Schmarzo |
| 260 ## - PUBLICACIÓN, DISTRIBUCIÓN, ETC. (PIE DE IMPRENTA) |
| Lugar de publicación, distribución, etc. |
Madrid |
| Nombre del editor, distribuidor, etc. |
Anaya Multimedia |
| Fecha de publicación, distribución, etc. |
2014 |
| 300 ## - DESCRIPCIÓN FÍSICA |
| Extensión |
253 p. |
| Otras características físicas |
il. |
| Dimensiones |
22 cm |
| 500 ## - NOTA GENERAL |
| Nota general |
Tít. orig.: Big data : understanding how data powers big business |
| 504 ## - NOTA DE BIBLIOGRAFÍA, ETC |
| Nota de bibliografía, etc. |
Índex |
| 650 #7 - PUNTO DE ACCESO ADICIONAL DE MATERIA - TÉRMINO DE MATERIA |
| Término de materia o nombre geográfico como elemento inicial |
Mineria de dades |
| Fuente del encabezamiento o término |
lemac |
| 650 #7 - PUNTO DE ACCESO ADICIONAL DE MATERIA - TÉRMINO DE MATERIA |
| Término de materia o nombre geográfico como elemento inicial |
Gestió del coneixement |
| Fuente del encabezamiento o término |
lemac |
| 650 #4 - PUNTO DE ACCESO ADICIONAL DE MATERIA - TÉRMINO DE MATERIA |
| Término de materia o nombre geográfico como elemento inicial |
Empreses |
| Subdivisión de materia general |
Planificació |
| -- |
Processament de dades |
| 650 04 - PUNTO DE ACCESO ADICIONAL DE MATERIA - TÉRMINO DE MATERIA |
| Término de materia o nombre geográfico como elemento inicial |
Intel·ligència empresarial |
| 650 00 - PUNTO DE ACCESO ADICIONAL DE MATERIA - TÉRMINO DE MATERIA |
| Término de materia o nombre geográfico como elemento inicial |
Dades massives |
| 9 (RLIN) |
4719 |
| 942 ## - ENTRADA DE ELEMENTOS AGREGADOS (KOHA) |
| Fuente de clasificaión o esquema |
|
| Koha [por defecto] tipo de item |
Monografies |